03193cam a22004454i 4500003000900000005001700009008004100026020003200067035002700099035003900126040007100165041001300236050002200249066000700271082002100278100002800299240003400327245006700361264006200428300004200490336002100532337002500553338002300578505111800601520084901719526001002568526001002578526001002588526001002598526000802608526000802616526000802624526000802632526000802640526000802648526000802656650001902664650003202683700003202715PE-LiUPU20250731173046.0170413s2017 mau r 000 0 eng d a9781619709577q(alk. paper) a(Sirsi) i9781619709577 a(OCoLC)962822410z(OCoLC)962552840 aDLCbspaerdacDLCdYDXdOCLCFdGGBdCNTCSdOCLCOdOCLCQdPE-LiUPU1 aenghfre00aBT50b.B5413 2017 c$100a231.042bB642231 aBlocher, Henri,eautor.13aLa foi et la raison.lEnglish10aFaith & reason /cHenri Blocher ; translated by Damon DiMauro. 1aPeabody, Massachusetts :bHendrickson Publishers,c[2017] avi, 109 páginas ;c22 centímetros atext2rdacontent aunmediated2rdamedia avolume2rdacarrier0 aIntroduction: From Youthful Memory to Everyone's Mission -- The Recourse to Reason in the Affirmation of the Faith -- Historical Survey -- Evangelicals and Apologetics -- The French Scene -- The Fundamental Question -- Rationalism in the Light of Scripture � Rationalism -- The Observations of Experience -- Biblical Teaching -- On What Basis Can There Be Dialogue? -- How Long to Persevere? -- Reflection on an Objection to the Faith: "You can make the Bible say whatever you want" -- The Transmission of the Biblical Text -- The Successive Editions/Versions of the Text? -- The Bible, a Contradictory Book? -- Response to the Objection: "Scientific endeavor is contrary to faith" -- Modern Science -- Miscellaneous Objections -- Objections on the Basis of Principles -- Response to the Objection: "The findings of scientific research show the Bible to be in error, and most especially when it comes to miracles" -- Minor Errors Here and There? -- The Structure of Reality -- Science and Faith in Relation to Origins -- The Question of Miracles -- The Objection to Miracles -- The Case for Miracles -- Conclusi aIn this primer on apologetics, Henri Blocher helps readers navigate the relationship and tensions between faith and reason. "Doing apologetics" means presenting arguments to lead people to faith or to con rm them in their faith. After discussing the relationship between faith and reason, the author addresses several of the thorniest questions that trouble our efforts to unify a heart for Jesus with a mind at work: How do we combine science and faith?; Does the Bible contain errors?; Can we make the Bible say whatever we want? In discussing all of these issues in Faith and Reason, the author reminds us of the motivations that should prompt us to seek the most persuasive reasons for believing: to make our decision to have faith a responsible one, to increase our love for the people around us, and to bring glory to God. - back of book. aSEG42 aSEG41 aSEG40 aSEG39 aP94 aP87 aP86 aP85 aP77 aP76 aP3514aApologética.14aFe y razónxCristianismo.1 aDiMauro, Damon,etraductor.